000 00705nam a2200241Ia 4500
003 OSt
005 20221007070218.0
006 a|||||r|||| 00| 0
007 ta
008 221006b |||||||| |||| 00| 0 eng d
024 _a14,702
037 _cTextual
040 _aFLL
_cFLL
_beng
041 _2eng
_aeng
082 _aX:9.5923.N7, L8
100 _aRasevic M. Au.
_9687248
245 0 _aDeterminants of labour force participation in yugoslavia
260 _aGeneva
_bInternational labour office Geneva
_c1978
300 _a229p
_ccm.
700 _a Macura M. Au.
_9687249
942 _hX:9.5923.N7, L8
_cTEXL
_2CC
999 _c1139803
_d1139803